| 000 | 00782cam a22002534a 4500 | ||
|---|---|---|---|
| 001 | 12978169 | ||
| 005 | 20180810034940.0 | ||
| 008 | 021023s2004 ilua bf 001 0 eng | ||
| 010 | _a 2002114968 | ||
| 020 | _a1581101090 | ||
| 035 | _a(DLC) 2002114968 | ||
| 040 |
_aDLC _cDLC _dDLC |
||
| 041 | _aeng | ||
| 042 | _apcc | ||
| 080 | _a613.2/083 | ||
| 082 | 0 | 0 |
_a613.2/083 _222 |
| 100 | _a8 | ||
| 101 | _aped | ||
| 245 | 1 | 0 |
_aPediatric nutrition handbook / _cCommittee on Nutrition, American Academy of Pediatrics ; Ronald E. Kleinman, editor. |
| 504 | _aIncludes bibliographical references and index. | ||
| 906 |
_a7 _bcbc _corignew _d2 _eepcn _f20 _gy-gencatlg |
||
| 942 |
_2ddc _cBK |
||
| 999 |
_c46994 _d46994 |
||